00304nam a2200121Ia 4500008004100000082001300041100002000054245002800074260004500102300000800147650001200155700001500167191201s2005 xx 000 0 und d a540bMUO aMUKHRJEE, S M,  0aOrganic Chemistry vol-1 aN.DelhibNew Age International Pubc2005 a457 aApplied aSINGH, S P